| 000 | 01158nam a2200325 i 4500 | ||
|---|---|---|---|
| 003 | EG-GICUC | ||
| 005 | 20260310134202.0 | ||
| 008 | 260122s1995 ua |||fr|||| 00| 0 d | ||
| 040 |
_a EG-GICUC _bara _c EG-GICUC _d EG-GICUC _erda |
||
| 041 | 0 | _aAra | |
| 082 | 0 | 4 |
_221 _a343.7 _bش ر . ع |
| 092 | 0 | 4 | _221 |
| 099 | _aLaw1 10 343.7 ش ر . ع 1995 | ||
| 100 | 0 |
_aشريف سيد كامل _eمؤلف. |
|
| 245 | 1 | 0 |
_aعلم العقاب/ _cتأليف دكتور شريف سيد كامل. |
| 250 | _aالطبعة الأولى | ||
| 264 | 1 |
_aالقاهرة : _bدار النهضة العربية، _c1995. |
|
| 300 |
_a405 صفحة؛ _c24 سم. _bإيضاحيات، صور، مثيليات ؛ |
||
| 336 |
_2rda content _atext |
||
| 337 |
_2rda media _aComputer |
||
| 338 |
_2rda carrier _aOnline Resource |
||
| 504 | _a. 240-220 ببليوجرافيا: صفحات. | ||
| 546 | _aالنص باللغة العربية | ||
| 650 | 1 |
_aعلم العقاب _2qrmak |
|
| 650 | 1 |
_aالقانون الجنائى _2qrmak |
|
| 651 | 1 | _2qrmak | |
| 856 | 4 | 0 | _uhttps://fll.law.cu.edu.eg/fulltext/bks/B10-07933.pdf |
| 905 | _a54 | ||
| 942 |
_2ddc _cBK _e21 _n0 |
||
| 999 |
_c58735 _d58735 |
||